Statistics for Harry Potter Ultimate Q+A

Click here to take the quiz!

General Stats

  • This quiz has been taken 69 times
  • The average score is 8 of 12

Answer Stats

Question Answer % Correct
Who is Professor Snape in love with?Lily potter
92%
Who plays Ron Weasley?Rupert Grint
92%
how many unregistered animagus were mentioned in the books?4
85%
how many chimneys does the burrow have?4
85%
Where is Hogwarts Located?Scotland
77%
What is Professor Dumbledores full name?Albus Percival Wulfric Brian Dumbledore
74%
Who plays GinnyWeasley?Bonnie Wright
71%
What character was left out of the films but mentioned regularly in the books for being a jokester?Peeves
69%
Who plays Sirius Black?Gary Oldman
60%
What was Harrys first Defence against the dark arts teacher called?Quirinus Quirrell
60%
When was Tom Riddle Born?31st December 1926
23%
When is Ginnys Birthday?August 11 1981
22%

Score Distribution

Percentile by Number Answered

Percent of People with Each Score

Your Score History

You have not taken this quiz